000 00923nam a2200277Ia 4500
005 20220317001155.0
008 160825s2003 ag a g 000 0 spa
020 _a950511835X
100 1 _aGrass, Günter
_d1927-
245 1 0 _aA paso de cangrejo
_cGünter Grass ; traducción de Miguel Sáenz con la colaboración de Grita Loebsack
250 _a1a. edición
300 _a244 páginas
_bilustraciones
_c24 cm
534 _tIm krebsgang
586 _aPremio Nobel de Literatura 1999
650 1 4 _2LEMB
_aNovela alemana
_ySiglo XX
650 1 4 _2LEMB
_aLiteratura alemana
_ySiglo XX
700 1 _aSáenz, Miguel
_967195
700 1 _aLoebsack, Grita
_96912
942 _2loc
_cBKLIT
264 _aBuenos Aires
_bAlfaguara
_c2003
336 _atexto
_btxt
_2rdacontent
337 _asin mediación
_bn
_2rdamedia
338 _avolumen
_bnc
_2rdacarrier
040 _aCO-BoRNBP
_bspa
_erda
_cCO-BoRNBP
084 _aN GRA1
999 _c6146
_d6146